La Seguridad Social en el ámbito de la Unión Europea (Registro nro. 16605)
[ vista simple ]
| 000 -CABECERA | |
|---|---|
| Longitud fija campo de control | 01871nam a2200433 c 4500 |
| 001 - NÚMERO DE CONTROL | |
| Número de control | 16605 |
| 003 - IDENTIFICADOR DE NÚMERO DE CONTROL | |
| Identificador del número de control | ES-MaCES |
| 005 - FECHA Y HORA DE LA ÚLTIMA TRANSACCIÓN | |
| Fecha y hora de la última transacción | 20150929135451.0 |
| 008 - CAMPO FIJO DE DESCRIPCIÓN FIJA--INFORMACIÓN GENERAL | |
| Códigos de información de longitud fija | 040623s2004 sp a t o100 | spa d |
| 017 ## - NÚMERO DE REGISTRO DE DERECHOS DE AUTOR Y DEPÓSITO LEGAL | |
| Número de copyright o de depósito legal | AS 4304-2004 |
| Agencia que asigna el número | DL |
| 035 ## - NÚMERO DE CONTROL DEL SISTEMA | |
| Número de control del sistema | CES20040008503m |
| 040 ## - FUENTE DE CATALOGACIÓN | |
| Centro catalogador de origen | ES-MaCES |
| Lengua de catalogación | spa |
| Centro transcriptor | ES-MaCES |
| 111 2# - ENCABEZAMIENTO PRINCIPAL--NOMBRE DE REUNIÓN | |
| Nombre de congreso o jurisdicción como elemento de entrada | Jornadas de Seguridad Social |
| Número del congreso o número de parte o sección de la obra | 3ª |
| Fecha del congreso | 2004 |
| Sede del congreso | Oviedo |
| 9 (RLIN) | 873 |
| 245 13 - MENCIÓN DE TÍTULO | |
| Título | La Seguridad Social en el ámbito de la Unión Europea |
| Mención de responsabilidad, etc. | III Jornadas de Seguridad Social, [celebradas los días 11 y 12 de febrero de 2004] ; organizadas por, Instituto Nacional de Seguridad Social, Dirección Provincial del INSS en Asturias [y] Universidad de Oviedo, Área de Derecho del Trabajo de la Universidad de Oviedo |
| 260 ## - PUBLICACIÓN, DISTRIBUCIÓN, ETC (PIE DE IMPRENTA) | |
| Lugar de publicación, distribución, etc. | Oviedo |
| Nombre del editor, distribuidor, etc. | Universidad de Oviedo, Área de Derecho del Trabajo |
| -- | Dirección Provincial del INSS en Asturias |
| Fecha de publicación, distribución, etc. | [2004] |
| 300 ## - DESCRIPCIÓN FÍSICA | |
| Extensión | 120 p. |
| Dimensiones | 26 cm |
| Material anejo | 1 DVD |
| 500 ## - NOTA GENERAL | |
| Nota general | Jornadas inauguradas por Jaime Montalvo, Presidente del Consejo Económico y Social (España) |
| 500 ## - NOTA GENERAL | |
| Nota general | Publ. también en DVD |
| 541 ## - NOTA DE LA FUENTE INMEDIANTE DE ADQUISICIÓN | |
| Forma de adquisición | Gratuito |
| 650 #4 - ASIENTO SECUNDARIO DE MATERIA--TÉRMINO DE MATERIA | |
| Término de materia o nombre geográfico como elemento inicial | seguridad social |
| 9 (RLIN) | 27034 |
| 650 #4 - ASIENTO SECUNDARIO DE MATERIA--TÉRMINO DE MATERIA | |
| Término de materia o nombre geográfico como elemento inicial | protección social |
| 9 (RLIN) | 29076 |
| 650 #4 - ASIENTO SECUNDARIO DE MATERIA--TÉRMINO DE MATERIA | |
| Término de materia o nombre geográfico como elemento inicial | legislación de seguridad social |
| 9 (RLIN) | 29855 |
| 650 #4 - ASIENTO SECUNDARIO DE MATERIA--TÉRMINO DE MATERIA | |
| Término de materia o nombre geográfico como elemento inicial | derecho comunitario |
| 9 (RLIN) | 29866 |
| 650 #4 - ASIENTO SECUNDARIO DE MATERIA--TÉRMINO DE MATERIA | |
| Término de materia o nombre geográfico como elemento inicial | jurisprudencia |
| 9 (RLIN) | 28624 |
| 650 #4 - ASIENTO SECUNDARIO DE MATERIA--TÉRMINO DE MATERIA | |
| Término de materia o nombre geográfico como elemento inicial | aplicación |
| 9 (RLIN) | 29859 |
| 650 #4 - ASIENTO SECUNDARIO DE MATERIA--TÉRMINO DE MATERIA | |
| Término de materia o nombre geográfico como elemento inicial | España |
| 9 (RLIN) | 26964 |
| 650 #4 - ASIENTO SECUNDARIO DE MATERIA--TÉRMINO DE MATERIA | |
| Término de materia o nombre geográfico como elemento inicial | conferencia |
| 9 (RLIN) | 27013 |
| 650 #4 - ASIENTO SECUNDARIO DE MATERIA--TÉRMINO DE MATERIA | |
| Término de materia o nombre geográfico como elemento inicial | DVD |
| 9 (RLIN) | 31780 |
| 653 10 - TÉRMINO DE INDEXACIÓN--NO CONTROLADO | |
| Término no controlado | Seguridad Social |
| 650 #4 - ASIENTO SECUNDARIO DE MATERIA--TÉRMINO DE MATERIA | |
| 9 (RLIN) | 26752 |
| Término de materia o nombre geográfico como elemento inicial | UE |
| 700 1# - ENCABEZAMIENTO SECUNDARIO--NOMBRE PERSONAL | |
| Nombre de persona | Montalvo Correa, Jaime |
| 9 (RLIN) | 18871 |
| 710 1# - ENCABEZAMIENTO SECUNDARIO--NOMBRE CORPORATIVO | |
| Nombre de entidad o nombre de jurisdicción como elemento inicial | Instituto Nacional de Seguridad Social (España) |
| Término indicativo de función | col. |
| 9 (RLIN) | 4299 |
| 710 1# - ENCABEZAMIENTO SECUNDARIO--NOMBRE CORPORATIVO | |
| Nombre de entidad o nombre de jurisdicción como elemento inicial | Universidad de Oviedo |
| Término indicativo de función | col. |
| 9 (RLIN) | 5319 |
| 710 2# - ENCABEZAMIENTO SECUNDARIO--NOMBRE CORPORATIVO | |
| Nombre de entidad o nombre de jurisdicción como elemento inicial | España |
| Unidad subordinada | Presidente del Consejo Económico y Social |
| 9 (RLIN) | 3320 |
| 787 0# - ENTRADA DE OTRAS ESPECIFICACIONES | |
| Título | Novedades legislativas, bienio 2001-2002 |
| Número de control del registro relacionado | (ES-MaCES)17214 |
| 902 ## - CES. TIPO DE DOCUMENTO | |
| Tipodoc (006$c Sirtex) | LIB Libro |
| 942 ## - ELEMENTOS KOHA | |
| Fuente de clasificaión o esquema | Clasificación propia del CES |
| Koha [por defecto] tipo de item | Monografías |
| Parte de clasificación | 3.0. |
| Número de registro | Signatura completa | Tipo de item de Koha |
|---|---|---|
| 057177 | SR-CD-300 (DVD) | Monografías |
| 059342 | SG-3.0.-60 | Monografías |
